University Physics : (Record no. 154375)
[ view plain ]
| 000 -LEADER | |
|---|---|
| fixed length control field | 00846nam a22002297a 4500 |
| 005 - DATE AND TIME OF LATEST TRANSACTION | |
| control field | 20180719121811.0 |
| 010 ## - LCCN (DPL NO) | |
| LC control number | B-698582 |
| 020 ## - INTERNATIONAL STANDARD BOOK NUMBER | |
| International Standard Book Number | 9789332586284 |
| Terms of availability | 899.00 |
| 035 ## - SYSTEM CONTROL NUMBER | |
| System control number | B-698582 |
| 037 ## - SOURCE OF ACQUISITION | |
| Source of stock number/acquisition | R K Books. |
| 082 ## - DEWEY DECIMAL CLASSIFICATION NUMBER | |
| Edition number | 14Th Edition |
| Classification number | 530 |
| 100 ## - MAIN ENTRY--PERSONAL NAME | |
| Personal name | Young .Hugh D. |
| 245 ## - TITLE STATEMENT | |
| Title | University Physics : |
| Remainder of title | With Modern Physics |
| Statement of responsibility, etc | Hugh D. Young |
| 250 ## - EDITION STATEMENT | |
| Edition statement | 14Th Edition |
| 260 ## - PUBLICATION, DISTRIBUTION, ETC. (IMPRINT) | |
| Place of publication, distribution, etc | Noida |
| Name of publisher, distributor, etc | Pearson |
| Date of publication, distribution, etc | 2017 |
| 270 ## - ADDRESS | |
| Address | plot No-1,Block-c.Sector-16, |
| City | Noida |
| Postal code | 201301 |
| Telephone number | 08030461060 |
| Fax number | 08030461003 |
| Electronic mail address | www.pearson.co.in |
| 300 ## - PHYSICAL DESCRIPTION | |
| Extent | 1593p. |
| Other physical details | ill. |
| Dimensions | 27x22 (pbk) |
| 500 ## - GENERAL NOTE | |
| General note | Index |
| 700 ## - ADDED ENTRY--PERSONAL NAME | |
| Personal name | Freedeman Roger A. |
| 942 ## - ADDED ENTRY ELEMENTS (KOHA) | |
| Source of classification or shelving scheme | Dewey Decimal Classification |
| Item type | English Books |
| Edition | 14Th Edition |
| Classification part | 330 |
| Call number suffix | YOU |
No items available.
